LEADER 00910nam a22002651i 4500 001 991004081919707536 005 20031002162902.0 008 031111s1992 uik|||||||||||||||||eng 020 $a0415082447 035 $ab1251732x-39ule_inst 035 $aARCHE-055059$9ExL 040 $aDip.to Lingue$bita$cA.t.i. Arché s.c.r.l. Pandora Sicilia s.r.l. 082 04$a808.952 100 1 $aO'Toole, John$0220686 245 14$aThe proces of drama :$bnegotiating art and meaning /$cJohn O'Toole 260 $aLondon :$bRoutledge,$c1992 300 $a260 p. ;$c21 cm 650 4$aTeatro 650 4$aDramma 907 $a.b1251732x$b02-04-14$c13-11-03 912 $a991004081919707536 945 $aLE012 808.952 OTO$g1$i2012000158306$lle012$o-$pE0.00$q-$rl$s- $t0$u0$v0$w0$x0$y.i12956636$z13-11-03 996 $aProces of drama$9184068 997 $aUNISALENTO 998 $ale012$b13-11-03$cm$da $e-$feng$guik$h4$i1 LEADER 01398nam0 22003011i 450 001 UON00464411 005 20231205105138.81 010 $a978-88-603-2235-7 100 $a20160204f2013 |0itac50 ba 101 $aita 102 $aIT 105 $a|||| 1|||| 200 1 $aDopo il Novecento$emonitoraggio della poesia italiana contemporanea$fGiorgio Linguaglossa 210 $aFirenze$cSocietà Editrice Fiorentina$dc2013 215 $a145 p.$d24 cm. 410 1$1001UON00466742$12001 $aStudi$1210 $aFirenze$cSocietà Editrice Fiorentina$v11 606 $aPOESIA ITALIANA$xSec. 20.$xStudi$3UONC038928$2FI 620 $aIT$dFirenze$3UONL000052 676 $a851.91409$cPoesia italiana, 1945-1999. Storia, descrizione, studio critico$v21 700 1$aLINGUAGLOSSA$bGiorgio$3UONV230900$0719949 712 $aSocietà Editrice Fiorentina$3UONV258068$4650 801 $aIT$bSOL$c20240220$gRICA 899 $aSIBA - SISTEMA BIBLIOTECARIO DI ATENEO$2UONSI 912 $aUON00464411 950 $aSIBA - SISTEMA BIBLIOTECARIO DI ATENEO$dSI LeItalie I LIN $eSI 16705 5 951 $aSIBA - SISTEMA BIBLIOTECARIO DI ATENEO$bSI2016232 1J 20160204 996 $aDopo il Novecento$91398308 997 $aUNIOR